000 00252nam a2200109Ia 4500
008 220120s9999||||xx |||||||||||||| ||und||
020 _a330105973
100 _aBhakshi, V.A
245 0 _aNetwork analysis
260 _bLondon
_c2004
300 _a240p.
_b0
999 _c136528
_d136528